export_success — 

Hello, my name is awesome : how to create brand names that stick.

Bibliographic Details
Main Author: Watkins, Alexandra
Format: Book
Published: San Francisco: Berrett-Koehler Publishers, 2014.
Subjects:
LEADER 00499cam a2200157 7i4500
001 0000032312
005 20150430090000.0
020 0 0 |a 9781626561861  
090 0 0 |a B 658.827   |b WAT 
100 1 0 |a Watkins, Alexandra  
245 1 0 |a Hello, my name is awesome :   |b how to create brand names that stick. 
260 0 0 |a San Francisco:   |b Berrett-Koehler Publishers,   |c 2014. 
300 # # |a 98 pages. 
650 0 0 |a Brand name products  
650 0 0 |a Branding (Marketing)  
999 |a B000036064  |b Book  |c Book  |e Business Information Centre